000 00685nam a2200181Ia 4500
008 100920s9999 xx 000 0 und d
082 _b65136
_a28 व 891,43 थ 92
100 _aपाल पुष्पा.
245 _aअहिल्याबाई होलकर.
260 _bसूचना और प्रसारण मन्त्रालय, भारत सरकार.
_c1992
300 _a26
_bसाधी
365 _b12
520 _aबा.वि.हिंदी.
630 _aअहिल्याबाई होलकर.
650 _aबा.वि.हिंदी.
730 _aअहिल्याबाई होलकर.
942 _cBOOK
999 _c708022
_d708019